00866 2200277 4500001002100000005001700021008004100038020002200079035002400101040001200125041000800137082001600145084001600161090002000177100000900197245016500206250001100371260006400382300002700446650002000473700001800493700002200511700002500533850001200558990001800570INLIS00000000003122820170927105900.0  a978-602-6554-05-5 0010-091700000000596 aYOPDYOG0 aind042[23]a351.1 a351.1 Sen M aBTR 351.1 Sen M0 aSENO1 aMarga dan Pemerintahan Desa di Kabupaten Banyuasin Provinsi Sumatera Selatanc/ Seno, Zusneli Zubir; translator, Khairuallah Ahmad; editor, Ahmad Taufik Hidayat aCet. 1 aPadangbBalai Pelestarian Nilai Budaya Sumatera Baratc2015 aix, 226 hlm.c; 23 cm. 4aPemerintah Desa0 aZusneli Zubir0 aKhairuallah Ahmad0 aAhmad Taufik Hidayat aYOPDYOG a57357-PD/A.17